| 000 | 00666cam a22002293a 4500 | ||
|---|---|---|---|
| 001 | 17266 | ||
| 003 | PGUSA | ||
| 005 | 20140828083353.0 | ||
| 008 | 051209s2005||||xxu|||||s|||||000 1 eng d | ||
| 040 |
_aPGUSA _beng |
||
| 042 | _adc | ||
| 050 | 4 | _aPZ | |
| 100 | 1 | _aWarren, George A. | |
| 245 | 1 | 4 |
_aThe Banner Boy Scouts : _bOr, The Struggle for Leadership _h[electronic resource] / _cGeorge A. Warren |
| 260 |
_bProject Gutenberg, _c2005 |
||
| 506 | _aPublic domain in the USA. | ||
| 516 | _aElectronic text | ||
| 653 | _aBoy Scouts -- Juvenile fiction | ||
| 830 | 0 |
_aProject Gutenberg _v17266 |
|
| 856 | 4 | 0 | _uhttp://www.gutenberg.org/ebooks/17266 |
| 942 | _cEB | ||
| 999 |
_c246521 _d246521 |
||